000 00327nam a2200121Ia 4500
008 220204s9999 xx 000 0 und d
082 _a339.138:631(540)
_bVAR
100 _aVARMA, S C
245 0 _aAgricultural marketing in India.
260 _aNew Delhi
_bGovt of India
_c1981
650 _aAgricultural marketing
942 _cBK
999 _c30932
_d30932